UK Drill Complete The Lyrics - Statistics

General Stats
  • This quiz has been taken 406 times
  • The average score is 4 of 15
Answer Stats
Song Lyric Answer % Correct
Next Up (1011) Friend of an opp... is an opp
70%
Ambush I'm in the back of this car... no taxi
58%
Crep Shop I should've been on the pitch... doing rainbow flicks
52%
Keisha & Becky (Remix) Yo, both hands on the back when I... tap it, grab it and slap it
50%
Call Me a Spartan Welcome to... Kennington
44%
Only if You Knew Feds asked me if I'm the man in question... of course I lied
31%
I Dunno When they ask for the fee let 'em know that it's... 1.5 for the headline show
14%
Shots (Remix) I'm the biggest green man... since Incredible Hulk
13%
Plugged In Season 3 Finale (Reckless) was a... minor setback
9%
Let Man Know I don't support no... black on black crime
7%
Purge DV got put in his place... when I swung my baseball bat in his face
6%
Buckingham Palace I do what I want... when I want
5%
Shots Mom couldn't stand me... just cause I look like my daddy
4%
30 Ridin 'round with like... 30 racks
3%
Hooked Them man couldn't... walk a day in my shoes
2%
No matching quizzes found
Score Distribution
Percent of People with Each Score
Percentile by Number Answered
Your Score History
You have not taken this quiz